| 000 | 00820nam a2200265Ia 4500 | ||
|---|---|---|---|
| 003 | OSt | ||
| 005 | 20220926003637.0 | ||
| 006 | a|||||r|||| 00| 0 | ||
| 007 | ta | ||
| 008 | 220923b |||||||| |||| 00| 0 eng d | ||
| 020 | _a0195661737 | ||
| 037 | _cGeneral Book | ||
| 040 |
_aRTL _cRTL _beng |
||
| 041 |
_2eng _aeng |
||
| 082 | _aX:(G:55):(Z).2.N9, P1 | ||
| 100 |
_aRosencranz Armin _914367 |
||
| 245 | 0 |
_aEnvironmental law and policy in India _b Cases, materials and statutes |
|
| 250 | _a2nd | ||
| 260 |
_a New Delhi _bOxford University Press India _c2001 |
||
| 300 |
_axxxviii, 837p _ccm. |
||
| 650 |
_aEconomics irt Environment _9233923 |
||
| 700 |
_a Divan Shyam _914366 |
||
| 942 |
_hX:(G:55):(Z).2.N9, P1 _cGB _2CC |
||
| 999 |
_c608485 _d608485 |
||